[Event "Corus"]
[Site "Wijk aan Zee"]
[Date "2009.01.28"]
[Round "10"]
[White "Carlsen, Magnus"]
[Black "Dominguez Perez, Leinier"]
[Result "1-0"]
[WhiteElo "2776"]
[BlackElo "2717"]
[Annotator "Krasenkow,M"]
[PlyCount "77"]
[EventDate "2009.01.17"]
[EventType "tourn"]
[EventRounds "13"]
[EventCountry "NED"]
[EventCategory "19"]
[SourceTitle "CBM 129"]
[Source "ChessBase"]
[SourceDate "2009.03.25"]
[SourceVersion "1"]
[SourceVersionDate "2009.03.25"]
[SourceQuality "1"]

1. d4 Nf6 2. c4 g6 3. Nc3 d5 4. Qb3 dxc4 5. Qxc4 Bg7 6. e4 O-O 7. Be2 Nfd7 8.
Be3 Nb6 9. Qd3 {A relatively new move, first applied by Kramnik against
Dominguez several months ago - see CBM 128.} f5 (9... Nc6 10. Rd1 f5 11. Nf3 f4
12. Bc1 Bg4 13. e5 Qd7 14. Ne4 Rad8 15. Nc5 Qc8 16. Qc3 e6 $6 (16... Nd5 17.
Qb3 b6 18. Ba6 Qb8 19. Ne4 Na5 20. Qa4 c5 $13) 17. h3 Bh5 $6 (17... Bxf3 18.
Bxf3 Nxd4 $1 19. Bxb7 Qb8 20. Be4 Bxe5 21. Nxe6 $13) 18. O-O Nd5 19. Qb3 Na5
20. Qc2 Nc6 21. Ng5 $1 $14 {[%csl Re6] 1/2 Kramnik,V (2772)-Dominguez Perez,L 
(2719)/Dresden 2008/CBM 128/[Krasenkow] (45)}) 10. Rd1 f4 11. Bc1 e5 12. d5 c6
13. Nf3 cxd5 14. Nxd5 Nxd5 15. Qb3 $5 $146 {[%mdl 8]} (15. Qxd5+ Qxd5 16. exd5
Bf5 17. O-O Nd7 18. Rfe1 a6 19. Bd2 Rac8 20. Ng5 Rc2 21. Ne6 Rfc8 22. Nxg7 Kxg7
23. Bc3 Kf6 24. Bf3 b5 $13 {1/2 Jakovenko,D (2737)-Mamedyarov,S (2731)/Elista
RUS 2008/The Week in Chess 737 (57)}) 15... Kh8 (15... Be6 $5 16. exd5 Bf7 17.
Qxb7 Nd7 $44 {S.Zagrebelny Of course, this line needs further analysis.}) 16.
Bc4 Nc6 17. Bxd5 Qe7 (17... Qb6 {doesn't change much:} 18. h3 Nd4 19. Nxd4 exd4
{[%cal Yg7e5]} 20. Bd2 $14 {The black bishop will be strong on e5 but White's
d5 bishop is even stronger!}) 18. h3 (18. Bd2 Bg4 19. Bxc6 bxc6 20. Bb4 c5 21.
Bc3 Rae8 22. h3 Bc8 23. Kd2 Rd8+ 24. Kc1 Rd4 $5 25. Bxd4 exd4 26. Rhe1 Be6 27.
Qa3 Rd8 28. Re2 Qc7 29. e5 Qb6 30. Ng5 Bd5 31. e6 Re8 $44 {1/2 Aleksandrov,A 
(2636)-Zinchenko,Y (2527)/Moscow RUS 2009/The Week in Chess 744 (44)}) 18...
Nb4 (18... Nd4 19. Nxd4 exd4 20. Bd2 a5 21. Rc1 $14 {[%csl Gb3,Gd5][%cal Gc1c7]
}) 19. Bc4 $6 {A tempo was more important than this bishop!} (19. O-O $142 $1
Nxd5 $140 20. exd5 {[%csl Gd5,Re5]} e4 21. Rfe1 Re8 22. d6 Qd8 23. Nh2 $18 {
[%cal Rc1f4,Rd6d7]}) 19... b5 $5 20. Bxb5 $6 (20. Bd2 $1 a5 (20... bxc4 21.
Qxb4 Qxb4 22. Bxb4 Re8 23. O-O $16 {[%csl Re5]}) 21. Bxb4 Qxb4+ 22. Qxb4 axb4
23. Bd5 $14) 20... Nxa2 (20... Be6 $5 21. Bc4 Bxc4 22. Qxc4 Rac8 $44) 21. Bd2 (
21. Qxa2 Qb4+) 21... Rb8 22. Qa4 Qb7 23. O-O Qxb5 24. Qxa2 Qxb2 25. Qxa7 Qb7
$11 {Black has solved all his opening problems. But equal doesn't quite mean
drawn! Several minor inaccuracies - and the Cuban GM loses this game...} 26.
Qc5 Be6 27. Qd6 Bb3 28. Rb1 Qxe4 29. Bc3 Rbd8 (29... Qd5 $11 {R.Sherbakov}) 30.
Qa3 Bc2 $6 {This bishop will be out of play and hanging.} (30... Bd5 $11) 31.
Rb5 Qa4 $6 (31... Qc6 $142 32. Rxe5 $1 (32. Qb2 Rc8 33. Bxe5 Bxe5 34. Rxe5 Qc3
$1) (32. Rc5 Qa4 33. Qb2 Rb8) 32... Ra8 33. Qb2 Be4 34. Nd4 Qb7 35. Rb5 $36 {
- analysis by IM M.Notkin.}) 32. Qb2 Bd3 $2 (32... Be4 33. Bxe5 Qa7 $1 34. Ra1
Qe7 35. Bxg7+ Qxg7 36. Ne5 $16) 33. Rb7 $1 $18 {[%mdl 128] Suddenly White
obtains a killing attack.} Qc2 (33... Bxf1 34. Bxe5 Rd7 35. Bxg7+ Kg8 36. Rxd7
Qxd7 37. Bxf8 $18 {M.Notkin}) (33... Rd7 34. Nxe5 Rxb7 (34... Bxe5 35. Bxe5+
Kg8 36. Rxd7 Qxd7 37. Rc1 $18) 35. Qxb7 Qa6 36. Qe7 {[%cal Re5g6]} Kg8 37. Nd7
Rf7 38. Qd8+ Bf8 39. Nxf8 Rxf8 40. Qd5+ Rf7 41. Ra1 $18) 34. Qb4 Rfe8 35. Re1 (
35. Bxe5 $1 Bxe5 36. Nxe5 Rxe5 37. Qxf4 Rf5 38. Qh6 $18) 35... Be2 36. Nxe5
Bxe5 37. Bxe5+ Rxe5 38. Qxf4 Qf5 39. Qh6 1-0

[Event "Corus"]
[Site "Wijk aan Zee"]
[Date "2009.01.30"]
[Round "11"]
[White "Morozevich, Alexander"]
[Black "Carlsen, Magnus"]
[Result "1/2-1/2"]
[WhiteElo "2771"]
[BlackElo "2776"]
[Annotator "CB"]
[PlyCount "82"]
[EventDate "2009.01.17"]
[EventType "tourn"]
[EventRounds "13"]
[EventCountry "NED"]
[EventCategory "19"]
[SourceTitle "CBM 129"]
[Source "ChessBase"]
[SourceDate "2009.03.25"]
[SourceVersion "1"]
[SourceVersionDate "2009.03.25"]
[SourceQuality "1"]

1. d4 Nf6 2. c4 e6 3. Nc3 Bb4 4. Qc2 {This move was first used at the top
levelnby Alekhine. The idea is to force the exchange on c3, without incurring
doubled pawns. The drawback of the move is White's slight deficit in
development. The particular interest of this game is that both players have
used the line successfully in the past, and have contributed to the theory of
the line. So a couple of world experts are meeting!} d5 {The most
straightforwa rd answer. Black tries to open the centre and create
complications, as soon as possible. His king is ready to escape to the
kingside, whereas the white monarch will have to remain uncastled for some
time.} 5. a3 {White carries out the classical idea.} Bxc3+ ({If} 5... Be7 $6 6.
cxd5 exd5 7. Bg5 {we reach an Exchange QGD, with White having the extremely
useful extra move a2-a3.}) 6. Qxc3 Ne4 ({A no less sharp struggle arises after
} 6... c5 7. dxc5 d4 {and now the world's grandmasters are unable to agree on
the best retreat forthe queen - c2 or g3.}) 7. Qc2 c5 {The consistent
follow-up.} 8. dxc5 Nc6 {The only way! The number of pawns does not yet play a
great role. The important thing is to bring the pieces into play as quickly as
possible. Now is an important moment - should White exchange pawns on d5 or
not? The further character of the battle will depend on this decision.} 9. cxd5
{The most aggressive, and also riskiest continuation! White opens the path of
the c8 bishop, but strengthens his extra pawn.} ({Heavy simplifications result
from} 9. e3 Qa5+ 10. Bd2 Nxd2 11. Qxd2 dxc4 12. Qxa5 Nxa5 13. Rc1 b5 14. cxb6
Bb7 {and Black has enough initiative for the pawn. The analyses of the leading
specialists in the line lead to a draw, on practically an empty board.}) 9...
exd5 ({Not} 9... Qxd5 $2 10. Be3 $1) 10. e3 {As can be seen, White has so far
developed only his queen. Black has both knights on good central squares, he
is ready to castle, and his bishop will soon come to f5.His development lead
threatens to assume alarming proportions. But in modern chess, such general
considerations and fierce words do not play a great role. Concrete analysis
determines everything.} Bf5 (10... Qa5+ {is now out of fashion, thanks to the
exchange sacrifice seen inKazimdzhanov-Kar pov, Spain 2007:} 11. b4 $1 Nxb4 12.
axb4 Qxa1 13. Bb5+ Kf8 14. Ne2 {and whatev er the computer might say, humans
know that White's position is much easier to play.}) (10... Qf6 {was tried in
a game Carlsen-Polgar, from Wijk aan Zee 2008, but without success:} 11. f3 $1
Qh4+ 12. g3 Nxg3 13. Qf2 Nf5 14. Qxh4 Nxh4 15. b4 a6 16. Kf2 Ne5 17. Bb2 f6 18.
Rd1 Be6 19. Ne2 Bf7 20. Rg1 Nc4 21. Bc1 g5 22. Nc3 O-O-O 23. e4 $1 {and the
white bishops destroyed Black.}) 11. Bd3 O-O ({As on the previous move,} 11...
Qa5+ {is again met by} 12. b4 Nxb4 13. axb4 Qxa1 14. Ne2 {For example,} Bd7 15.
f3 Ba4 16. Qb2 Qxb2 17. Bxb2 Nf6 18. Nd4 Bd7 19. b5 Rc8 20. Ba3 a6 21. bxa6
bxa6 22. Kd2 Bb5 23. Bxb5+ axb5 24. c6 Kd8 25. Rc1 {and Black could not
contain his opponent's initiative. Drozdovskij-Brodsky Poltava 2008}) 12. Nf3
Qa5+ 13. Nd2 ({Necessary. Now after} 13. b4 Nxb4 14. axb4 Qxa1 15. Nd4 {
(which nobody has played), there follows a nice exchange of tactical blows:}
Ng3 $1 16. Nb3 $1 Qa6 $1 {with, as they say, "a complicated struggle"!}) 13...
Nxd2 14. Bxd2 Bxd3 15. Qxd3 Qxc5 16. Rc1 ({Novelty. Sasha improves on his own
play. In an earlier round at Wijk an Zee, the game Morozevich-Adams went} 16.
Bc3 d4 17. Bxd4 Nxd4 18. Qxd4 Qb5 19. O-O-O Qf5 20. e4 Qg5+ 21. Kb1 Rad8 22. f4
Rxd4 23. fxg5 Rxe4 24. Rd7 Rg4 25. g3 Rxg5 26. Rxb7 a5 {and Black equalized.})
16... Qb6 17. O-O {I like Morozevich's idea. There is harmony in his ranks.
Taking on b2 is clearly not good, since the white rook gets to b7.} Rad8 (17...
d4 {does not equalize. I would then suggest} 18. b4 {After exchanges in the
centre, White retains some initiative.}) 18. f4 {But what is this? The move
looks antipositional, weakening the square e4 and the pawn on e3. But how can
Black exploit this? maybe he can't! Meanwhile, the advance of the pawn to f4
has a concrete idea, namely to eprive the black knight on the e5 square, via
which it can get to c4 after b2-b4. So maybe my first reaction was too
emotional. Probably Sasha doid not invent this idea over the board, but found
it at home, so it needs to be taken seriously.} Rfe8 ({After} 18... d4 19. e4
$1 {the f4-pawn would be doubly useful.}) 19. b4 {Correct. The black knight is
restricted on all sides. White's play looks a bit od, but I have already said
that general cosndierations nowadays play less of a role than specifics. We
will see what transpires... Magnus is thinking hard. He has made all the
obvious moves and now needs to find a plan. One idea for White is Rf3-h3.} h6 (
{My previous note explains this move. I also looked at the direct attempt to
bring the knight to f5:} 19... Ne7 20. Rf3 Qe6 21. f5 (21. Rc7 Qb6 22. Rc1 Qe6)
21... Qe4 22. Qf1 {an then the rook will go to f4, the queen to d3, and a
complicate struggle ensues, which is hard to judge.}) ({The prospect of the
white bishop coming to c3 makes me think alos about} 19... f6 {followed by
Nc6-e7 and Qb6-e6.}) 20. h3 {Giving up on Rh3 as an idea, but making luft and
waiting to see what Black will do.} a6 ({Black also waits. Less beliigerant
grandmasters might play} 20... Ne7 21. Bc3 Nc6 $1 22. Bd2 Ne7 23. Bc3 Nc6 {
and shake hands.}) 21. Rc5 {White returns to the strategy of pressure in the
centre. Black must be tied down to the d5 pawn, reducing his conyrol over d4,
and only then will White seek a target on one flank or other.} a5 {A logical
response. The rook on c5 prevents the natural reply b4-b5, so the b4 pawn
becomes a target for Black.} 22. Rfc1 ({The centre of the battle shifts to the
queenside. Winning a pawn by} 22. Rb5 Qa6 23. bxa5 {allows the counterblow} d4
24. e4 Na7 25. Rb3 (25. a4 Nxb5 26. axb5 Qe6 {hardly offers sufficient
compensation.}) 25... Qxd3 26. Rxd3 Rxe4 27. Rb1 Rd7 {and Black has nothing to
complain about.}) 22... axb4 23. axb4 Re4 {Carlsen counterattacks decisively.
The b4 pawns can not escape the attention it has attracted from the black
pieces. Magnus ignores the threat to the d5 pawn, because he sees the
counter-threat against e3.} 24. Kh2 (24. Rxd5 Rxd5 25. Qxd5 Rxe3 $1 (25... Rxb4
{is also not bad, eg.} 26. Kh2 (26. Bxb4 $4 Qxe3+) 26... Rb1 27. Rc4 Qb3 {
again forcing exchanges.}) 26. Rc5 (26. Bxe3 $4 Qxe3+ 27. Kh1 Qxc1+) 26... Re8
27. Bc3 Rd8 28. Qe4 Qc7 29. b5 Qd6 {equalizes completely.}) 24... Rc4 $1 ({
Yet another cunning move by the Norwegian. This time, the target is the bishop
on d2, which is being x-rayed by the rook on d8. Unfortunately, barring
something remarkable, the next few moves are likely to see a total
simplification of the position. The only hope is Morozevich's unquenchable
fighting spirit! Less convincing is} 24... Nxb4 {because White does not have
to exchange minor pieces. He can play} 25. Qb3 {with an unpleasant pin.} ({or} 
25. Qb1 {I am not sure which is better.})) 25. R1xc4 ({What else can one play,
if all other moves favour Black? For example, after} 25. R5xc4 dxc4 26. Qe2 Qa6
{Black defends the c4 pawn, because of} 27. Rxc4 $2 Rxd2 $1) 25... dxc4 26. Qe2
Nxb4 27. Rxc4 ({Sasha avoids exchanges. And not without reason. After} 27. Bxb4
Qxb4 28. Rxc4 (28. Qxc4 Qxc4 29. Rxc4 b5 $1) 28... Qe7 {the outside passed
b-pawn gives Black grounds to play for a win.}) 27... Nd3 {However, now the
knight will be very strong. With its support, the passed pawn can reach b4 or
b2. For the moment, this is still something of a dream, but grandmasters make
a living by dreaming of the distant future...} 28. Rd4 {Realising the danger,
Sasha hurries to restore the game to drawish channels. The clock times are now
0.19 - 0.49} Rxd4 ({Trying to transfer the knight to e6 can also bring
problems to Black, as White activates his pieces by} 28... Nc5 29. Bc3 {
whilst he can eliminate the e6 outpost at any moment by f4-f5.}) 29. exd4 Qxd4
({A white-square blockade by} 29... Qb5 {fails because of the bad position of
the knight:} 30. Qe4 $1 {and it cannot be brought to d5.}) 30. Qe8+ Kh7 31.
Qxf7 Qe4 ({A last attempt to impose some control. Pushing the b-pawn results
in its loss:} 31... b5 $2 32. Qf5+) 32. f5 {This counterattack saves White.}
Qe5+ ({Now} 32... b5 {is met by} 33. Bc3 {and winning the bishop leads to
perpetual:} Qf4+ 34. Kh1 Qc1+ 35. Kh2 Qxc3 36. Qg6+ Kg8 37. Qe8+ {etc.}) ({
whilst the variation} 32... Nf4 33. Bxf4 Qxf4+ 34. Kg1 Qc1+ 35. Kh2 Qc6 {
gets nowehere because of the blow} 36. f6 $1 Qxf6 37. Qxb7) 33. Kh1 {The only
remaining question is who will give the perpetual check.} Nf2+ 34. Kg1 Ne4 (
34... Nxh3+ 35. gxh3 Qd4+ 36. Kf1 Qxd2 37. Qg6+ Kg8 38. Qe8+ {ends in the same
perpetual.}) 35. Bf4 ({The same idea - deflecting the queen from covering e8.
But it was not yet time for the flashy} 35. Bxh6 $2 {because of} Qd4+ 36. Kh1
Qd1+ 37. Kh2 Qd6+) 35... Qd4+ 36. Kh2 Nf6 37. Bxh6 Qe5+ 38. Kh1 Qe1+ 39. Kh2
Ng4+ 40. hxg4 Qh4+ 41. Kg1 Qe1+ 1/2-1/2

[Event "Corus"]
[Site "Wijk aan Zee"]
[Date "2009.01.31"]
[Round "12"]
[White "Carlsen, Magnus"]
[Black "Smeets, Jan"]
[Result "1-0"]
[WhiteElo "2776"]
[BlackElo "2601"]
[Annotator "Carlsen,M"]
[PlyCount "57"]
[EventDate "2009.01.17"]
[EventType "tourn"]
[EventRounds "13"]
[EventCountry "NED"]
[EventCategory "19"]
[SourceTitle "CBM 129"]
[Source "ChessBase"]
[SourceDate "2009.03.25"]
[SourceVersion "1"]
[SourceVersionDate "2009.03.25"]
[SourceQuality "1"]

1. c4 c6 2. e4 {Since this was a game I needed to win in order to fight for
the first prize, I tried to get Jan on to unfamiliar territory as soon as
possible, avoiding forcing lines.} d5 3. exd5 cxd5 4. cxd5 (4. d4 {leads to
the Panov attack.}) 4... Nf6 5. Nc3 Nxd5 6. Nf3 Nc6 {Black has several other
decent options, like exchanging on c3 here or on the next move, but this is
the main line.} 7. Bb5 e6 8. O-O Be7 9. d4 O-O 10. Re1 Bd7 {The main move,
which was also played in the recent game Ivanchuk-Topalov from the Nanjing
tournament. Black prevents the exchange on c6, which could in some lines lead
to a difficult position.} 11. Bd3 {Now the bishop has no function on b5, and
is transferred to the most active diagonal. The somewhat clumsy position of
the bishop on d7 should justify the apparent loss of tempo.} (11. Nxd5 exd5 12.
Bf4 Bf6 13. Ne5 Nxe5 {Led to exchanges and a draw in the aforementioned game,
and was obviously unsuitable}) 11... Rc8 {While preparing for the game I had
read that this move was supposed to be inaccurate, but it actually seems to be
a very decent move.} (11... Ncb4 12. Bb1 {Gives the bishop a good post on c6,
but leaves the e5-square for the white knight, which should give an initiative.
}) 12. Nxd5 {It's not so easy to find another move here, as otherwise Black
would play Ncb4 next. a3 might be on option though.} exd5 13. Ne5 Bf6 {While
this move seems to be quite decent, a simpler way to gain good play is} (13...
Nxe5 14. Rxe5 Bd6 $1 (14... Be6 15. Qh5 g6 16. Qh6 {with Rh5 to come is why
Rc8 was considered dubious.}) 15. Rxd5 Bc6 16. Rg5 (16. Rh5 g6 {Apparently
forces White to give perpetual check with Rxh7.}) 16... g6 {And because of the
misplaced rook on g5 Black should have very decent play here.}) (13... Nxd4 14.
Bxh7+ Kxh7 15. Qxd4 {is better for White, who will set up a healthy blockade
on d4.}) 14. Bf4 {The most natural move, but probably not the best. The more
circumspect} (14. Bd2 $5 {as suggested by the engines, might be a better
chance for a small advantage, as} Nxd4 15. Bc3 {practically forces Rxc3, when
White will enjoy a stable advantage.}) 14... g6 $6 (14... Be6 {I was a bit
afraid of this fearless move during the game, which probably forces me to take
on c6 with equality, as none of the direct attacking attempts connected with
Qh5 seem to work.}) 15. Qb3 {Since 15...Nxd4 16.Qxb7 is good for White, I get
a slight initiative after this. Additionally, Jan had already spent quite a
lot of time, and was heading for time-trouble, which had been his greatest
enemy so far in the tournament.} Na5 (15... Nxd4 16. Qxb7 Be6 $8 17. Qxa7 Nc2
18. Bxc2 Rxc2 19. Qd4 {should not give Black sufficient compensation.}) 16. Qb4
(16. Qxd5 Bc6 $1 {equalises after} (16... Be6 17. Qe4 {is not so good.}) 17.
Qxd8 Rfxd8 18. Bd2 Rxd4 19. Bxa5 Bxe5 20. Rxe5 Rxd3 $11) 16... Be6 {This came
as a surprise to me. I expected} (16... Be7 17. Qd2 Nc6 {which might appear to
lose a tempo, but creates the threat of ...Bb4.} 18. Bh6 Re8 (18... Bb4 19. Qf4
Bxe1 20. Rxe1 $14 {winning the exchange back with a slight advantage.}) 19. Qf4
Nxe5 20. dxe5 {is what I intended then, but Black actually has} Qb6 21. Re2 Qb4
$1 $11 {here. Maybe 18.a3 is a better option, with a slight edge.}) 17. Bh6 Bg7
{This surprised me. With the dark-squared bishops off, Black has very little
counterplay. However, his position is still quite tenable.} (17... Re8 {
would probably still have been a bit better for White:} 18. Bb5 Qb6 19. Bd2 $1
{forcing} Nc6 20. Bxc6 bxc6 21. Rac1 {with a small edge.}) 18. Bxg7 Kxg7 19. h4
$5 {I thought that with the black knight still on a5, I might have some
attacking chances.} Re8 $6 (19... Qb6 {ought to have been played. White would
still only have a slight edge here:} 20. Qxb6 (20. Qd2 f6 21. Nf3 Nc4 22. Bxc4
Rxc4 23. h5 gxh5 {Without the light-squared bishop the white position didn't
convince me at all.}) 20... axb6 21. Rad1 Nc6 22. a3 {with some slight chances
for a long endgame grind.} Rc7 (22... Nxd4 23. Bxg6 $14) 23. Bb1 $1) 20. h5 f6
(20... gxh5 {is probably the best here, but White certainly has good
compensation and practical chances.}) (20... Qb6 {is now too late:} 21. Qd2 {
with h6+ to come is much better for White.}) 21. Nf3 $6 {I had a difficult
choice here, as} (21. Bb5 {was very tempting. In the end I decided that} Nc6 (
21... fxe5 22. Bxe8 {simply wins:} Rc4 23. h6+ Kg8 24. Qa3 $18) 22. Bxc6 bxc6
23. Nd3 gxh5 {might not be that clear} 24. Nf4 Bf7 25. Rxe8 Qxe8 26. Re1 {
I was probably wrong though, as there are actually too many weaknesses in the
black position.}) 21... b6 {This is weakening, but at least he is preparing ...
Nc6.} (21... Qb6 22. Qd2 gxh5 {is decent for Black according to Rybka. How
Black is going to survive after} 23. Nh4 {though, is beyond me.}) 22. Bb5 $2 {
Very tempting, but giving Black some breathing room.} (22. Nh4 f5 23. Nf3 {
was much better, with a great advantage.}) 22... Re7 23. Re2 Rcc7 $2 {This
just loses.} (23... Nc6 {with the idea of} 24. Qd2 (24. Bxc6 Rxc6 25. Rae1 Qd6
26. Qd2 Rcc7 {is ok for Black.}) 24... Bg4 $1 {would have given good chances
of survival.}) 24. Rae1 Kf7 25. Qd2 {Now White penetrates, and the pressure
quickly becomes too much to handle. It must be said that Jan only had a few
minutes left, just to make matters even worse.} Qf8 (25... Bf5 26. Qh6 g5 27.
Nxg5+ fxg5 28. Qxg5 Be4 29. f3 {is no better.}) 26. Qf4 Bf5 27. g4 Bc8 (27...
Be4 28. Ng5+ Kg8 29. Ne6 {wins an exchange.}) 28. b4 {There were many ways to
win here.} Nb7 29. Bc6 {The d5-pawn is falling, and the same can be said about
the black position.} 1-0